| 000 | 03341cam a22003858i 4500 | ||
|---|---|---|---|
| 999 |
_c29280 _d29251 |
||
| 001 | 20792626 | ||
| 003 | EG-ScBUE | ||
| 005 | 20210801115204.0 | ||
| 008 | 181228s2019 nyu f b 001 0 eng d | ||
| 020 | _a9781138668973 (pbk) | ||
| 040 |
_aDLC _beng _erda _cDLC _dEG-ScBUE |
||
| 082 | 0 | 4 |
_a327.101 _bSCI _222 |
| 245 | 0 | 0 |
_aScience, technology, and art in international relations / _cEdited by J.P. Singh, Madeline Carr and Renée Marlin-Bennett. |
| 264 | 1 |
_aNew York, NY ; _aLondon : _bRoutledge, _c2019. |
|
| 300 |
_axvii, 213 pages ; _c24 cm |
||
| 336 |
_atext _btxt _2rdacontent |
||
| 337 |
_aunmediated _bn _2rdamedia |
||
| 338 |
_avolume _bnc _2rdacarrier |
||
| 504 | _aIncludes bibliographical references and index. | ||
| 505 | 0 | _aScience, technology, and art in international relations : origins and prospects / J.P. Singh -- A role for phenomenology in ir scholarship / Alena Drieschova -- How to discomfort a worldview? : social sciences, surveillance technologies, and defamiliarization / Rocco Bellanova and Ann Rudinow Saetnan -- World-viewing as world-making : feminist technoscience, international relations, and the aesthetics of the anthropocene / Cara Daggett -- Emerging science and technologies : diplomacy, security, and governance / Margaret E. Kosal -- Constructed "cyber" realities & international relations theory / Ben Wagner -- Constructing an inventive order of rights : the geopolitics of island-building in transnational waters / Venilla Rajaguru -- IR's constitutive absence and the promise of STAIR / Maximilian Mayer -- "The heart is a pump. Or is it?" : the politics of biomedicine, the objectivity of science, and the way we know the world / Christina Hellmich -- Thinking through the science, technology, and art of medicine : an agenda for international relations / Alison Howell -- Oceanic artscapes and international relations / Camellia Webb-Gannon -- From the globe to the germ, and back / Michele Acuto -- Science in the international political economy / David J Hornsby -- Creativity as a worldview : power in collaborative practices / Willow Williamson -- Reflexivity and political analysis : if everything is socially constructed, how can we construct theories? / Peter M. Haas -- Art and agency : alternative spaces for subaltern voices / Mónica Trujillo-López -- Cookbooks, politics, and culture / Ilan Zvi Baron -- Human/nonhuman assemblages in STAIR : understanding distributed agency in international relations / Kathleen P. J. Brennan -- Resistance to a worldview / Ritu Mathur. | |
| 650 | 7 |
_aScience and international relations. _2BUEsh |
|
| 650 | 7 |
_aTechnology and international relations. _2BUEsh |
|
| 650 | 7 |
_aInternational relations and culture. _2BUEsh |
|
| 650 | 7 |
_aInternational relations _xPhilosophy. _2BUEsh |
|
| 653 |
_bGGEN _cAugust2021 |
||
| 655 |
_vReading book _934232 |
||
| 700 | 1 |
_aSingh, J. P., _d1961- _eeditor. |
|
| 700 | 1 |
_aCarr, Madeline, _eeditor. |
|
| 700 | 1 |
_aMarlin-Bennett, Renée, _d1959- _eeditor. _938441 |
|
| 776 | 0 | 8 |
_iOnline version: _tScience, technology, and art in international relations _dNew York, NY : Routledge, Taylor & Francis Group, 2019 _z9781315618371 _w(DLC) 2018061772 |
| 906 |
_a7 _bcbc _corignew _d1 _eecip _f20 _gy-gencatlg |
||
| 942 |
_2ddc _cBB |
||